|
|
|
|
| LEADER |
02445nam a22004335i 4500 |
| 001 |
978-3-319-04957-1 |
| 003 |
DE-He213 |
| 005 |
20151204183822.0 |
| 007 |
cr nn 008mamaa |
| 008 |
140411s2014 gw | s |||| 0|eng d |
| 020 |
|
|
|a 9783319049571
|9 978-3-319-04957-1
|
| 024 |
7 |
|
|a 10.1007/978-3-319-04957-1
|2 doi
|
| 040 |
|
|
|d GrThAP
|
| 050 |
|
4 |
|a RD118-120.5
|
| 072 |
|
7 |
|a MNP
|2 bicssc
|
| 072 |
|
7 |
|a MED085030
|2 bisacsh
|
| 082 |
0 |
4 |
|a 617.952
|2 23
|
| 100 |
1 |
|
|a Chugay, Nikolas V.
|e author.
|
| 245 |
1 |
0 |
|a Body Sculpting with Silicone Implants
|h [electronic resource] /
|c by Nikolas V. Chugay, Paul N. Chugay, Melvin A. Shiffman.
|
| 264 |
|
1 |
|a Cham :
|b Springer International Publishing :
|b Imprint: Springer,
|c 2014.
|
| 300 |
|
|
|a XIV, 258 p. 290 illus., 281 illus. in color.
|b online resource.
|
| 336 |
|
|
|a text
|b txt
|2 rdacontent
|
| 337 |
|
|
|a computer
|b c
|2 rdamedia
|
| 338 |
|
|
|a online resource
|b cr
|2 rdacarrier
|
| 347 |
|
|
|a text file
|b PDF
|2 rda
|
| 505 |
0 |
|
|a Body Implants Overview -- Anesthesia for Body Implants -- Biceps Augmentation -- Triceps Augmentation -- Pectoral Augmentation -- Buttocks Augmentation -- Hip/Thigh Augmentation -- Calf Augmentation -- Quadriceps Augmentation.
|
| 520 |
|
|
|a This book covers all aspects of body contouring with silicone implants with the exception of breast augmentation. After a discussion of the available silicone implants and anesthetic management, the various techniques that may be used in body sculpting are carefully described in a series of chapters focusing on augmentation of the biceps, triceps, pectorals, buttocks, hip/thigh, calf, and quadriceps. Potential complications are identified for each of the procedures and clear guidance is provided on how to avoid them. The book will enable the surgeon to gain a sound understanding of the different body sculpting techniques and when they are applicable. It is intended both for students/beginners and for experienced cosmetic plastic surgeons alike.
|
| 650 |
|
0 |
|a Medicine.
|
| 650 |
|
0 |
|a Plastic surgery.
|
| 650 |
1 |
4 |
|a Medicine & Public Health.
|
| 650 |
2 |
4 |
|a Plastic Surgery.
|
| 700 |
1 |
|
|a Chugay, Paul N.
|e author.
|
| 700 |
1 |
|
|a Shiffman, Melvin A.
|e author.
|
| 710 |
2 |
|
|a SpringerLink (Online service)
|
| 773 |
0 |
|
|t Springer eBooks
|
| 776 |
0 |
8 |
|i Printed edition:
|z 9783319049564
|
| 856 |
4 |
0 |
|u http://dx.doi.org/10.1007/978-3-319-04957-1
|z Full Text via HEAL-Link
|
| 912 |
|
|
|a ZDB-2-SME
|
| 950 |
|
|
|a Medicine (Springer-11650)
|